| 000 | 00646nam a2200253Ia 4500 | ||
|---|---|---|---|
| 008 | 170203s9999 xx 000 0 und d | ||
| 020 | _a0-679887946 | ||
| 050 | _aFic | ||
| 050 | _bSe496a | ||
| 100 | _aDr. Seuss. | ||
| 245 | 4 | _aAnd to think that I saw it on Mulberry Street : | |
| 245 | _bcoloring and activity book / | ||
| 245 | _cby Dr. Seuss. | ||
| 260 | _aNew York : | ||
| 260 | _bRandom House, | ||
| 260 | _c©1997. | ||
| 300 | _a61 pages : | ||
| 300 | _billustrations ; | ||
| 300 | _c28 cm | ||
| 500 | _a"A Vanguard Press book." | ||
| 650 | _aImagination -- | ||
| 650 | _aStories in rhyme. | ||
| 650 | _xFiction. | ||
| 999 |
_c306483 _d306483 |
||